爱猫一族的毛三昧. 1 (Record no. 69473)

000 -LEADER
fixed length control field 00528nam a22001937a 4500
003 - CONTROL NUMBER IDENTIFIER
control field MPLRDC
005 - DATE AND TIME OF LATEST TRANSACTION
control field 20220105061138.0
008 - FIXED-LENGTH DATA ELEMENTS--GENERAL INFORMATION
fixed length control field 210129b ||||| |||| 00| 0 eng d
020 ## - INTERNATIONAL STANDARD BOOK NUMBER
International Standard Book Number 978-957-686-516-9
082 ## - DEWEY DECIMAL CLASSIFICATION NUMBER
Classification number 947.415 ST
100 ## - MAIN ENTRY--PERSONAL NAME
Personal name 山田
245 ## - TITLE STATEMENT
Title 爱猫一族的毛三昧. 1
Statement of responsibility, etc. 叶秉杰 译
250 ## - EDITION STATEMENT
Edition statement 初版一刷
260 ## - PUBLICATION, DISTRIBUTION, ETC.
Place of publication, distribution, etc. 台湾
Name of publisher, distributor, etc. 汉欣文化事业有限公司
Date of publication, distribution, etc. 2006
300 ## - PHYSICAL DESCRIPTION
Other physical details
520 ## - SUMMARY, ETC.
Summary, etc. 新书上架 2018-05-02。
650 ## - SUBJECT ADDED ENTRY--TOPICAL TERM
Topical term or geographic name entry element 漫画--多格,多单元
942 ## - ADDED ENTRY ELEMENTS (KOHA)
Koha item type Book
-- 947.415 ST

No items available.

© 2022. Malaysian Public Library, Research and Development Centre. All Right ReservedE-mailmplrdc@help.edu.my 

Powered by Koha